| 000 | 01086njm a22002777a 4500 | ||
|---|---|---|---|
| 005 | 20100915152549.0 | ||
| 006 | a|||||r|||||00| 0 | ||
| 007 | sd ammalaaahaa | ||
| 008 | 100915t xxu||||| |||| 00| 0 eng d | ||
| 028 |
_a7EPE.2014 _bHis master's Voice |
||
| 035 | _aGR-02762 | ||
| 040 |
_aSED _cSED |
||
| 100 |
_917455 _aYesudas |
||
| 245 |
_aChitchor / _csung by Yesudas [and] Hemlata _h[sound recording] : |
||
| 246 | _aचितचोर / | ||
| 260 |
_aDum Dum, India _bHis Master's Voice _c1976 |
||
| 300 |
_a1 sound disc [Gramophone Recording]: _banalog, 45 rpm _c7 in. (SP) _fGramophone Record |
||
| 500 | _aBrief Record | ||
| 500 | _aRecord labels :His Master's Voice,Red | ||
| 505 | _aSide-1 गोरी तेरा गाँव (Gori tera gaon) (Yesudas) -- Side-2 जब दीप जले आना (Jab deep jale aana) (Yesudas & Hemlata) | ||
| 600 |
_aYesudas _920226 |
||
| 650 |
_aFilm songs _zIndia _91186 _xExcerpts |
||
| 700 |
_aHemlata _920227 |
||
| 942 |
_2ddc _cGR |
||
| 999 |
_c46016 _d46016 |
||